• 首页
  • 本馆介绍
  • 公告通知
  • 最新文献
  • 馆藏检索
  • 电子资源
  • 读者导购
  • 参考咨询
  • 我的图书馆
  • 登录
  • 详细信息显示
  • 放入我的书架
  • 预约/预借图书
  • 作者相关作品
  • 分类相关作品
  • 丛书相关作品
  • 出版社相关作品

书目信息

  • 表格格式
  • 工作单格式
  • 卡片格式
题名:
土木工程制图
    
 
作者: 罗良武 主编
分册:  
出版信息: 北京   海洋出版社  2000
页数: 249页
开本: 26cm
丛书名:
单 册:
中图分类: TB23
科图分类:
主题词: 工程制图
电子资源:
ISBN: 7-5027-4942-X
000 00534nam0 2200193 450
001 0740514354
005 20070730085343.00
010    @a7-5027-4942-X@dCNY21.00
100    @a20070727d2000 km y0chiy0120 ea
101 0  @achi
102    @aCN@b110000
200 1  @a土木工程制图@Atu mu gong cheng zhi tu@f罗良武主编@Fluo liang wu zhu bian
210    @a北京@c海洋出版社@d2000
215    @a249页@d26cm
606 0  @a工程制图
690    @aTB23@v3
701  0 @a罗良武@Aluo liang wu@4主编
801  0 @aCN@bPFT@c20070730
905    @a10447@dTB23@e142
    
    土木工程制图/罗良武主编.-北京:海洋出版社,2000
    249页;26cm
    
    
    ISBN 7-5027-4942-X:CNY21.00
    
●
相关链接 在E读中查询图书 在五车中查询图书 在当当中查询图书 在豆瓣中查询图书


正题名:土木工程制图     索取号:TB23/142         预约/预借

序号 登录号 条形码 馆藏地/架位号 状态 备注
1 0788647   207886475   第二样本阅览室/ [索取号:TB23/142] 在馆    
唐山师范学院图书馆 欢迎您!
大连网信软件有限公司© 版权所有